000 00753nam0a22002531 4500
001 rc\4639627
005 20250611213218.0
021 _aRU
_b[64-60652]
035 _a(NLR Aleph) 008408112
090 _a9279012
_c9279012
100 _a20130416d1964 |||y0rusy50 ca
101 1 _arus
_ckaz
102 _aRU
105 _aa z |||a|
200 1 _aПогремушка
_e[Стихи
_eДля детей]
_eПер. с каз.
_f[Ил.: Б. Ненахов]
210 _aАлма-Ата
_cКазгослитиздат
_d1964
215 _a30 с.
_cил.
_d21
700 1 _aСмаков
_bЖ.
_gЖакан
702 1 _aНенахов
_bБ.
_4440
801 0 _aRU
_bNLR
_gpsbo
801 1 _aRU
_bELAR
_2rusmarc
852 _aNLR
_j64-6/8874
942 _cBOOK
980 _aNB